Хлопковые гидролизаты как питательный субстрат для микроорганизмов; Сборник трудов Государственного научно-исследовательского института гидролизной и сульфитно-спиртовой промышленности (НИИГС); Том 12

Detalles Bibliográficos
Parent link:Сборник трудов Государственного научно-исследовательского института гидролизной и сульфитно-спиртовой промышленности (НИИГС)/ Государственный научно-исследовательский институт гидролизной и сульфитно-спиртовой промышленности (НИИГС).— , 1964
Том 12.— 1964.— С. 138-147
Autor Principal: Друблянец Э. Э.
Idioma:ruso
Publicado: 1964
Series:Производство кормовых дрожжей
Formato: MixedMaterials Capítulo de libro
KOHA link:https://koha.lib.tpu.ru/cgi-bin/koha/opac-detail.pl?biblionumber=195452

MARC

LEADER 00000naa2a2200000 4500
001 195452
005 20231031182839.0
035 |a (RuTPU)RU\TPU\book\213225 
035 |a RU\TPU\book\213224 
090 |a 195452 
100 |a 20110510d1964 k y0rusy50 ca 
101 0 |a rus 
102 |a RU 
200 1 |a Хлопковые гидролизаты как питательный субстрат для микроорганизмов  |f Э. Э. Друблянец 
225 1 |a Производство кормовых дрожжей 
320 |a Библиогр.: с. 147 (9 назв.) 
461 0 |0 (RuTPU)RU\TPU\book\213161  |t Сборник трудов Государственного научно-исследовательского института гидролизной и сульфитно-спиртовой промышленности (НИИГС)  |f Государственный научно-исследовательский институт гидролизной и сульфитно-спиртовой промышленности (НИИГС)  |d 1964 
463 0 |0 (RuTPU)RU\TPU\book\213162  |t Том 12  |f под ред. А. И. Козлова  |v С. 138-147  |d 1964  |p 255 с. 
700 1 |a Друблянец  |b Э. Э. 
801 1 |a RU  |b 63413507  |c 20110510 
801 2 |a RU  |b 63413507  |c 20111012  |g RCR 
942 |c BK